00399nam a2200157Ia 45000010006000000050017000060080041000230410008000640820016000721000025000882450072001132600009001853000031001946500008002256540008002331474520260306164937.0260306t2009||||xx |||||||||||||| ||spa|| aESP a519.2bA174 aAsín, JesúseAUT 0aProbabilidad y estadística en ingeniería:bejercicios resueltos c2009 ax, 252 páginas :c23 cm. aGEN aCMA